Napoléon III et le Second Empire - Statistiques

Statistiques générales
  • Ce quiz a été pris 128 fois
  • Le résultat moyen est 11 sur 27
Statistiques - réponses
Question Réponse % Correct
Enfant (Héritier du Trône Impérial) Louis-Napoléon Bonaparte
91%
Pays où il décède Royaume-Uni
83%
Lieu de Naissance (Ville) Paris
78%
Année de décès 1873
71%
C'est avec l'aide de ce célèbre Baron que Napoléon III mordernisera la ville de Paris. Haussmann
64%
Il est capturé par le Chancelier Otto Van Bismarck dans cette ville,le 4 Septembre 1870. Sedan
64%
C'est la première fois que cette exposition se déroule en France,à Paris,en 1855. Exposition Universelle
57%
Il soutient ce futur Roi d'Italie dans sa lutte contre les troupes de Garibaldi. Victor-Emmanuel II
57%
Année de naissance 1808
55%
La Construction de ce canal débute en 1859,et l'impératrice Eugénie l'inaugurera en 1869. Canal de Suez
55%
Épouse Eugénie de Montijo
44%
Père Louis Bonaparte
41%
Mère Hortense de Beauharnais
39%
Année du décès de son fils,tué à 23 ans par les Zoulous. 1879
32%
Il est victime en Janvier 1858 d'une tentative d'assassinat par cet anarchiste italien. Felice Orsini
31%
Louis-Philippe le condamne à la Prison à Perpétuité dans cette forteresse,où il parviendra à s'en évader en 1846. Ham
30%
Oncle et Aïeul Napoléon Ier
30%
Ville où il tente une première fois de prendre le pouvoir par un Coup d'État,coup d'État qui échouera. Strasbourg
30%
Année du décès de son épouse Eugénie,à l'âge de 94 ans. 1920.
29%
En déclarant cette Guerre à la future Allemagne,il entraîne sa propre déchéance. Guerre Franco-prussienne
29%
Institution Économique créé en 1863. Le Crédit Lyonnais
20%
Il débarque dans cette ville avec une poignée de partisans,dans la nuit du 5 au 6 Août 1840,pour une nouvelle tentative de Coup d'État,qui se soldera elle aussi par un échec. Boulogne-sur-Mer
19%
Il reçoit en échange ces deux territoires,qui sont rattachés à la France. Nice et la Savoie
13%
Cette dame,demi-mondaine britannique,financera sa campagne électorale de 1848. Harriet Howard
9%
Il brise ce régime politique en 1852 pour rétablir l'Empire et devenir Empereur des Français,par l'intermédiaire d'un plébiscite soumis à l'avis du peuple français. IIème République
9%
Il succombe dans cette petite commune anglaise des suites d'une opération,étant atteint de la maladie de la pierre blanche. Chislehurst
5%
Le futur Napoléon III passe une partie de son enfance dans ce château,situé en Suisse. Château d'Arenenberg
3%
Aucun quiz correspondant
Distribution des résultats
% des personnes avec chaque résultat
Percentile par nombre de réponses
Votre historique - résultats
Vous n’avez pas pris ce quiz